000 00419nam a2200145Ia 4500
999 _c22908
_d22908
082 _aRR 016.3054 SAH-;
100 _aSahai, S.N.
245 0 _aWomen in changing society: a bibliographical study
260 _aDelhi
_bMittal Publications
_c1985
300 _a441p.
504 _aIncludes bibliography/Ref.book
650 _aSocial change - Bibliography - India
650 _aWomen - Bibliography - India
942 _cBK